|
|
|
|
| LEADER |
01070nam a2200265 a 4500 |
| 001 |
26826 |
| 003 |
BD-DhAAL |
| 008 |
130408s2009 ii ab g b 001 0 eng d |
| 020 |
|
|
|a 9788125035480
|
| 040 |
|
|
|a BD-DhAAL
|c BD-DhAAL
|
| 082 |
0 |
4 |
|a 954.14
|2 21
|
| 100 |
1 |
|
|a Srimanjari.
|9 54494
|
| 245 |
1 |
0 |
|a Through war and famine Bengal,
|n 1939-45 /
|c Srimanjari
|
| 260 |
|
|
|a New Delhi :
|b Orient BlackSwan,
|c 2009.
|
| 300 |
|
|
|a xiv, 274 pages :
|b illustrations, maps ;
|c 23 cm.
|
| 504 |
|
|
|a Includes bibliographical references and index.
|
| 541 |
|
|
|e 26826
|
| 650 |
|
0 |
|a World War, 1939-1945
|x Economic aspects
|z India
|x Bengal.
|9 54495
|
| 650 |
|
0 |
|a World War, 1939-1945
|x Social aspects
|z India
|x Bengal.
|9 54496
|
| 650 |
|
0 |
|a Famines
|z India
|x Bengal.
|9 54497
|
| 650 |
|
0 |
|a Privatization
|z Chile.
|9 54498
|
| 852 |
1 |
|
|a Ayesha Abed Library
|c General Stacks
|
| 942 |
|
|
|2 ddc
|c BK
|
| 999 |
|
|
|c 13282
|d 13282
|
| 952 |
|
|
|0 0
|1 0
|2 ddc
|4 0
|6 954_140000000000000_SRI
|7 0
|9 22172
|a BIGD
|b BIGD
|c GEN
|d 2013-04-10
|e Prothoma
|g 1190.00
|l 0
|o 954.14 SRI
|p 3050026826
|r 2013-04-10
|t 1
|w 2013-04-10
|y BK
|x Transferred from BDI to BIGD.
|